AirBaltic destinations - Statistics

General Stats
  • This quiz has been taken 47 times
  • The average score is 55 of 71
Answer Stats
Country Airport % Correct
Netherlands Amsterdam Schiphol
100%
Finland Helsinki-Vantaa
100%
Spain Barcelona-El Prat
97%
Germany Berlin-Brandenburg
97%
Belgium Brussels
97%
Spain Madrid-Barajas
97%
Norway Oslo Gardermoen
97%
Latvia Riga
97%
Lithuania Vilnius
97%
Greece Athens
95%
Italy Milan-Malpensa
95%
Italy Rome-Fiumicino
95%
Sweden Stockholm-Arlanda
95%
Estonia Tallinn
95%
Austria Vienna
95%
Switzerland Zürich
95%
Israel Ben Gurion
92%
Denmark Copenhagen
92%
Germany Frankfurt
92%
Portugal Lisbon
92%
Malta Malta
92%
France Paris Charles de Gaulle
92%
UAE Dubai
89%
Ireland Dublin
89%
Ukraine Kyiv-Boryspil
89%
UK London-Gatwick
89%
UK Manchester
89%
Germany Munich
89%
France Nice Côte d'Azur
89%
Czechia Prague Vaclav Havel
87%
Croatia Split
87%
Georgia Tbilisi
87%
Hungary Budapest Ferenc Liszt
84%
Croatia Dubrovnik
84%
Sweden Göteborg-Landvetter
84%
Germany Hamburg
84%
Iceland Keflavik
84%
Germany Düsseldorf
82%
Switzerland Geneva
82%
Italy Naples
82%
Italy Venice Marco Polo
82%
Norway Bergen
79%
Germany Stuttgart
79%
Greece Thessaloniki
79%
UK Edinburgh
76%
Spain Palma de Mallorca
76%
Austria Salzburg
76%
Greece Rhodes
71%
Finland Tampere-Pirkkala
68%
Spain Tenerife south
68%
Greece Heraklion
66%
Ukraine Lviv
66%
Spain Malaga
66%
Greece Santorini
63%
Norway Trondheim
63%
Spain Valencia
63%
Greece Corfu
61%
Ukraine Odessa
61%
Finland Turku
61%
Denmark Billund
58%
Italy Catania-Fontanarossa
58%
Cyprus Larnaca
58%
Italy Pisa
58%
Norway Stavanger
55%
Italy Verona-Villafranca
53%
Georgia Batumi
45%
Croatia Rijeka
39%
Lithuania Palanga
34%
UK Aberdeen
32%
Finland Kittilä
32%
Italy Olbia-Costa Smeralda
26%
No matching quizzes found
Score Distribution
Percent of People with Each Score
Percentile by Number Answered
Your Score History
You have not taken this quiz